[Event "Titled Tue 17th Jun Late"]
[Site "chess.com INT"]
[Date "2025.06.17"]
[Round "10"]
[White "Kharitonov, Sergei"]
[Black "Carrasco Miranda, Andres"]
[Result "0-1"]
[WhiteTitle "CM"]
[BlackTitle "CM"]
[WhiteElo "2014"]
[BlackElo "2211"]
[WhiteFideId "4129750"]
[BlackFideId "3405990"]
[EventDate "2025.06.17"]

1. e4 e5 2. Nf3 Nc6 3. Bb5 Nf6 4. O-O Nxe4 5. d4 Nd6 6. Bxc6 dxc6 7. dxe5 Nf5 8.
Qxd8+ Kxd8 9. Nbd2 c5 10. Ne4 h6 11. Rd1+ Ke8 12. Be3 b6 13. Nc3 Be7 14. Nd5 Bd8
15. c4 Be6 16. a4 a5 17. b3 g5 18. h3 Nxe3 19. Nxe3 f5 20. Ra2 Rh7 21. Nd5 Rd7
22. Rad2 c6 23. Ne3 Be7 24. g4 fxg4 25. hxg4 Rad8 26. Nf5 Bxf5 27. gxf5 g4 28.
Rxd7 Rxd7 29. Rxd7 Kxd7 30. Nd2 Bg5 31. Ne4 Bf4 32. e6+ Ke7 33. Kg2 h5 34. f3
Be5 35. fxg4 hxg4 36. Kf2 b5 37. Kg2 bxa4 38. bxa4 Bf4 39. Nxc5 Kf6 40. Nd7+ Ke7
41. Nc5 Bd6 42. Ne4 Be5 43. Nc5 Bd6 44. Nb7 Bc7 45. c5 Kf6 46. Kf2 g3+ 47. Kg2
Ke7 0-1

[Event "Titled Tue 17th Jun Late"]
[Site "chess.com INT"]
[Date "2025.06.17"]
[Round "10"]
[White "Reinecke, Katharina"]
[Black "Mansurova, Mumtozbegim"]
[Result "0-1"]
[WhiteTitle "WCM"]
[BlackTitle "WCM"]
[WhiteElo "1921"]
[BlackElo "1800"]
[WhiteFideId "12929727"]
[BlackFideId "14215780"]
[EventDate "2025.06.17"]

1. e4 c5 2. Nf3 e6 3. g3 Nc6 4. Bg2 d6 5. O-O Nf6 6. Re1 Be7 7. c3 e5 8. d4 cxd4
9. cxd4 Bg4 10. d5 Bxf3 11. Bxf3 Nd4 12. Bg2 Qc7 13. Nc3 b5 14. Be3 b4 15. Qa4+
Qd7 16. Bxd4 exd4 17. Qxd7+ Nxd7 18. Nb5 O-O 19. Nxd4 Bf6 20. Rad1 Rfc8 21. b3
Bxd4 22. Rxd4 Rc2 23. Rxb4 Rxa2 24. f4 Nc5 25. Rd1 Rb2 26. e5 Rxb3 27. Rxb3 Nxb3
28. e6 a5 29. e7 Re8 30. Re1 f6 31. Bh3 Kf7 32. Bd7 Rxe7 33. Be6+ Kf8 34. f5 a4
35. Rb1 Rb7 36. Kf2 a3 37. Bc8 Rb8 38. Bd7 a2 39. Re1 a1=Q 40. Rxa1 Nxa1 41. Bc6
Ke7 0-1

[Event "Titled Tue 17th Jun Late"]
[Site "chess.com INT"]
[Date "2025.06.17"]
[Round "10"]
[White "Estrada Nieto, Julian"]
[Black "Ali, Sebbar"]
[Result "1-0"]
[WhiteTitle "IM"]
[BlackTitle "IM"]
[WhiteElo "2181"]
[BlackElo "2400"]
[WhiteFideId "5101018"]
[BlackFideId "8100977"]
[EventDate "2025.06.17"]

1. e4 c5 2. Nf3 Nc6 3. Bb5 Nf6 4. Nc3 g6 5. O-O Bg7 6. Bxc6 bxc6 7. e5 Nd5 8.
Nxd5 cxd5 9. d4 cxd4 10. Qxd4 O-O 11. Qh4 e6 12. Bg5 f6 13. exf6 Bxf6 14. Bxf6
Qxf6 15. Qxf6 Rxf6 16. Rfe1 Rb8 17. Rab1 Kf7 18. Re3 d6 19. Rc3 Bd7 20. Rc7 Ke7
21. Rxa7 e5 22. b3 Rff8 23. Nd2 Ra8 24. Rxa8 Rxa8 25. a4 Rc8 26. Rb2 d4 27. f3
d5 28. Kf2 Bf5 29. a5 Bxc2 30. a6 e4 31. fxe4 dxe4 32. Nc4 Bd3 33. a7 Ra8 34.
Nb6 Rxa7 35. Nc8+ Ke6 36. Nxa7 e3+ 37. Kf3 Kd5 38. Ra2 Kc5 39. Ra4 Bc2 40. Rc4+
Kd5 41. Rxc2 d3 42. Rc3 d2 43. Rc8 Kd4 44. Rd8+ Kc3 45. Ke2 Kc2 46. Kxe3 Kxb3
47. Rxd2 1-0

[Event "Titled Tue 17th Jun Late"]
[Site "chess.com INT"]
[Date "2025.06.17"]
[Round "10"]
[White "Garzon Zapatanga, Christopher Leonel"]
[Black "Ibarra Carlos Roberto"]
[Result "1-0"]
[WhiteTitle "FM"]
[BlackTitle "FM"]
[WhiteElo "2155"]
[BlackElo "2116"]
[WhiteFideId "3634787"]
[BlackFideId "6707173"]
[EventDate "2025.06.17"]

1. b3 e5 2. Bb2 Nc6 3. e3 d5 4. Bb5 f6 5. Nf3 a6 6. Bxc6+ bxc6 7. d4 e4 8. Nfd2
f5 9. c4 Nf6 10. Nc3 Bd6 11. Qc2 O-O 12. O-O-O Be6 13. f3 a5 14. Na4 Rb8 15. Kb1
Kh8 16. Ka1 Bc8 17. Bc3 Bb4 18. Bxb4 Rxb4 19. cxd5 cxd5 20. Qc5 Bb7 21. Qxa5 Qe7
22. Rc1 exf3 23. gxf3 Ra8 24. Qc5 Qxc5 25. Nxc5 Bc8 26. Nd3 Rb7 27. Rc5 Rba7 28.
a4 Bd7 29. Kb2 Rb8 30. Ka3 Be8 31. Rhc1 c6 32. Ne5 Rb6 33. b4 Rba6 34. a5 Rc7
35. Nb3 Nd7 36. Nxd7 Bxd7 37. b5 Ra8 38. b6 Rb7 39. Kb4 Ra6 40. R5c3 h6 41. Nc5
Rbxb6+ 42. axb6 Rxb6+ 43. Ka3 Bc8 44. Na4 Ra6 45. Rxc6 1-0

[Event "Titled Tue 17th Jun Late"]
[Site "chess.com INT"]
[Date "2025.06.17"]
[Round "10"]
[White "Barp, Alberto"]
[Black "Demaria, Juan Pablo"]
[Result "1-0"]
[WhiteTitle "IM"]
[BlackTitle "FM"]
[WhiteElo "2414"]
[BlackElo "2215"]
[WhiteFideId "872555"]
[BlackFideId "104922"]
[EventDate "2025.06.17"]

1. d4 g6 2. e4 Bg7 3. Nf3 e6 4. c3 Ne7 5. Bd3 O-O 6. O-O d6 7. Nbd2 Nd7 8. Re1
c5 9. Nf1 b6 10. Ng3 Bb7 11. h4 cxd4 12. cxd4 e5 13. d5 f5 14. Ng5 Nc5 15. exf5
Nxf5 16. N3e4 Nxd3 17. Qxd3 Nxh4 18. Ne6 Qd7 19. Bg5 Nf5 20. Nxf8 Rxf8 21. Rac1
Nd4 22. Be3 Bxd5 23. Bxd4 exd4 24. Rc2 Be5 25. Rce2 Qf5 26. a3 Kg7 27. Rd1 Qg4
28. Rf1 Rf4 29. f3 Qh5 30. g3 Rxf3 31. Qxf3 Qxf3 32. Rxf3 Bc4 33. Rd2 Bd5 34.
Re2 Bc4 35. Re1 h6 36. Nd2 Bd5 37. Rf2 g5 38. Kh2 h5 39. Nf3 Bf6 40. Rd1 1-0

[Event "Titled Tue 17th Jun Late"]
[Site "chess.com INT"]
[Date "2025.06.17"]
[Round "10"]
[White "Hernandez Bermudez, Ulises Eduardo"]
[Black "Papacek, Stepan"]
[Result "1-0"]
[BlackTitle "FM"]
[WhiteElo "2042"]
[BlackElo "2225"]
[WhiteFideId "3902510"]
[BlackFideId "301035"]
[EventDate "2025.06.17"]

1. e4 e6 2. d4 d5 3. exd5 exd5 4. Nf3 Nc6 5. c4 Nf6 6. Nc3 Bb4 7. Bg5 O-O 8. Be2
dxc4 9. Bxc4 Re8+ 10. Be3 Be6 11. Bxe6 Rxe6 12. O-O Bxc3 13. bxc3 Nd5 14. Qd2
Na5 15. Rfe1 Nc4 16. Qd3 b5 17. Rab1 c6 18. a4 a6 19. h3 h6 20. Rb4 Qd6 21. Rxc4
bxc4 22. Qxc4 Nxe3 23. fxe3 Qd5 24. Qb4 Rae8 25. Kf2 a5 26. Qa3 f6 27. Qb2 Qc4
28. Nd2 Qxa4 29. e4 Qb5 30. Qa2 Kh7 31. g4 Qd3 32. Re3 Qb5 33. Qc2 c5 34. d5 Re5
35. Nf3 a4 36. Nxe5 Rxe5 37. c4 Qb4 38. Kf3 h5 39. Qd3 Qb2 40. Re2 Qb8 41. Qe3
h4 42. Qxc5 Re8 43. d6 Rc8 44. Qf5+ 1-0

[Event "Titled Tue 17th Jun Late"]
[Site "chess.com INT"]
[Date "2025.06.17"]
[Round "10"]
[White "Avramidou, Anastasia"]
[Black "Szpar, Milosz"]
[Result "1-0"]
[WhiteTitle "FM"]
[BlackTitle "IM"]
[WhiteElo "2294"]
[BlackElo "2495"]
[WhiteFideId "4239873"]
[BlackFideId "1184989"]
[EventDate "2025.06.17"]

1. Nf3 d5 2. d4 Nf6 3. c4 c6 4. Nc3 dxc4 5. a4 Na6 6. e3 Nb4 7. Bxc4 a5 8. O-O
e6 9. e4 Be7 10. h3 O-O 11. Be3 b6 12. Qe2 Bb7 13. Rfd1 Qc8 14. Rac1 Rd8 15. d5
exd5 16. exd5 cxd5 17. Bxb6 dxc4 18. Qxe7 Re8 19. Qc7 Bxf3 20. Qxc8 Raxc8 21.
gxf3 Nd3 22. Rb1 Re5 23. Nb5 Nd5 24. Bxa5 N5f4 25. Bb6 Rc6 26. Be3 Rg6+ 27. Kf1
Rxe3 28. fxe3 Nxh3 29. f4 Rg3 30. Nd6 Rxe3 31. Nxc4 Rg3 32. Ne5 Rg1+ 33. Ke2
Nhxf4+ 34. Ke3 Rg3+ 35. Ke4 f5+ 36. Kxf5 g6+ 37. Ke4 Nxe5 38. Kxf4 1-0

[Event "Titled Tue 17th Jun Late"]
[Site "chess.com INT"]
[Date "2025.06.17"]
[Round "10"]
[White "Borisov, Yuri"]
[Black "El Jawich, Amro"]
[Result "1-0"]
[WhiteTitle "FM"]
[BlackTitle "FM"]
[WhiteElo "2285"]
[BlackElo "2307"]
[WhiteFideId "1503928"]
[BlackFideId "5300380"]
[EventDate "2025.06.17"]

1. e4 g6 2. d4 Bg7 3. Nc3 d5 4. e5 f6 5. f4 Nh6 6. Nf3 Bg4 7. Be2 Nf5 8. O-O e6
9. h3 Bxf3 10. Bxf3 fxe5 11. fxe5 O-O 12. Ne2 c5 13. c3 Nc6 14. g4 Nh4 15. Bh1
Rxf1+ 16. Qxf1 cxd4 17. cxd4 Qb6 18. Qf2 g5 19. Bxg5 Qxb2 20. Re1 Ng6 21. Bf6
Rf8 22. g5 Qxa2 23. h4 Nge7 24. Bg2 Nf5 25. Bh3 Qc2 26. Rf1 Ncxd4 27. Nxd4 Qxf2+
28. Rxf2 Nxd4 29. Rb2 Bxf6 30. exf6 b6 31. Rb4 e5 32. Ra4 Rf7 33. Bg2 Rd7 34. h5
Kf7 35. Ra2 e4 36. Rd2 Nf3+ 37. Bxf3 exf3 38. Kf2 h6 39. g6+ Kxf6 40. Kxf3 Kg5
41. Rh2 d4 42. Ke2 d3+ 43. Kd2 a5 44. Rf2 Kxh5 45. Rf7 Rd6 46. g7 Rg6 47. Rb7
Kg5 48. Kxd3 Rxg7 49. Rxg7+ 1-0

[Event "Titled Tue 17th Jun Late"]
[Site "chess.com INT"]
[Date "2025.06.17"]
[Round "10"]
[White "Lysyj, Igor"]
[Black "Nihal, Sarin"]
[Result "0-1"]
[WhiteTitle "GM"]
[BlackTitle "GM"]
[WhiteElo "2582"]
[BlackElo "2696"]
[WhiteFideId "4150120"]
[BlackFideId "25092340"]
[EventDate "2025.06.17"]

1. d4 d6 2. Nf3 Nf6 3. c4 g6 4. Nc3 Bf5 5. e3 Bg7 6. Bd3 Bxd3 7. Qxd3 O-O 8. O-O
Nc6 9. d5 Nb4 10. Qe2 a5 11. e4 Re8 12. a3 Na6 13. Be3 e6 14. Qc2 exd5 15. exd5
Rxe3 16. fxe3 Qe7 17. Rae1 Ng4 18. e4 Nc5 19. e5 Nxe5 20. Nxe5 Bxe5 21. Ne4 Nxe4
22. Rxe4 a4 23. g3 b6 24. Kg2 Kg7 25. Rfe1 h5 26. h4 Ra5 27. Qe2 Rc5 28. g4 Qxh4
29. gxh5 Qh2+ 30. Kf1 Qh3+ 31. Kg1 gxh5 32. Rxe5 Qg3+ 33. Kh1 Qh4+ 34. Kg2 dxe5
35. Qxe5+ Qf6 36. Qxf6+ Kxf6 37. Re4 Kg5 38. Kf3 f5 39. Rd4 b5 40. cxb5 Rxb5 41.
Rxa4 Rb3+ 42. Ke2 Rxb2+ 43. Kf3 Rb3+ 44. Kf2 Rc3 45. Ra8 h4 46. a4 Kg4 47. a5
Rc2+ 48. Ke3 f4+ 49. Kd3 Ra2 50. a6 Kf3 51. a7 h3 52. Rh8 Rxa7 53. Rxh3+ Kg2 54.
Rh7 f3 55. Rg7+ Kf1 56. Ke4 f2 57. d6 Ra4+ 58. Kf3 Ra3+ 59. Ke4 cxd6 0-1

[Event "Titled Tue 17th Jun Late"]
[Site "chess.com INT"]
[Date "2025.06.17"]
[Round "10"]
[White "Stribuk, Artiom"]
[Black "Demchenko, Anton"]
[Result "1-0"]
[WhiteTitle "IM"]
[BlackTitle "GM"]
[WhiteElo "2460"]
[BlackElo "2619"]
[WhiteFideId "13515659"]
[BlackFideId "4160258"]
[EventDate "2025.06.17"]

1. g3 g6 2. c4 Bg7 3. Bg2 d6 4. Nc3 Nf6 5. Nf3 O-O 6. d4 Nbd7 7. O-O e5 8. e4
exd4 9. Nxd4 Nc5 10. h3 Re8 11. Re1 a5 12. Ndb5 Bd7 13. Bf4 Bxb5 14. cxb5 Nfd7
15. Qc2 h5 16. Be3 h4 17. g4 g5 18. Rf1 Ne6 19. Ne2 Ne5 20. f4 gxf4 21. Nxf4
Nxf4 22. Bxf4 c6 23. bxc6 Qb6+ 24. Kh1 Qxc6 25. Qf2 Qc4 26. Qxh4 Rac8 27. Qh5 a4
28. Bg3 Qe6 29. Rf5 Rc2 30. Raf1 Rf8 31. Bxe5 dxe5 32. g5 Qg6 33. Qg4 Rxb2 34.
h4 Rd8 35. h5 Qe6 36. h6 Bh8 37. g6 Bf6 38. gxf7+ Kh7 39. Qg3 Bh8 40. f8=Q Rxf8
41. Rxf8 Qxh6+ 42. Kg1 Qb6+ 43. Kh2 Qh6+ 44. Kg1 1-0

[Event "Titled Tue 17th Jun Late"]
[Site "chess.com INT"]
[Date "2025.06.17"]
[Round "10"]
[White "Einarsson, Halldor Gretar"]
[Black "Swara Lakshmi S Nair"]
[Result "0-1"]
[WhiteTitle "FM"]
[BlackTitle "WCM"]
[WhiteElo "2177"]
[BlackElo "2187"]
[WhiteFideId "2300150"]
[BlackFideId "25629239"]
[EventDate "2025.06.17"]

1. d4 Nf6 2. c4 g6 3. f3 d5 4. cxd5 Nxd5 5. e4 Nb6 6. Nc3 Bg7 7. Be3 O-O 8. Qd2
Nc6 9. O-O-O e5 10. d5 Na5 11. b3 Qd6 12. Nb5 Qe7 13. Qxa5 Bd7 14. Nc3 Rfc8 15.
Qc5 Qe8 16. Bf2 Bf8 17. Qe3 c6 18. Kb2 cxd5 19. Nxd5 Nxd5 20. exd5 Bf5 21. Bd3
e4 22. fxe4 Bg7+ 23. Kb1 Qe5 24. Qd4 Qd6 25. Qa4 Bg4 26. Nf3 Bxf3 27. gxf3 Qf6
28. Bd4 Qxd4 29. Qxd4 Bxd4 30. d6 Rd8 31. Bc4 Rxd6 32. Bd5 Be5 33. f4 Bxf4 34.
Rhf1 Rf6 35. h4 Rb8 36. Rd4 h6 37. Rb4 b6 38. Rc4 g5 39. hxg5 hxg5 40. Rh1 Kg7
41. Rc2 Rh8 42. Rg1 Rg6 43. Rcg2 f6 44. Kc2 Rgh6 45. Kd3 Rh3+ 46. Kc4 Rc8+ 47.
Kb5 Rhc3 48. Ka6 R8c7 49. Rg4 R3c5 50. Rxf4 Ra5# 0-1

[Event "Titled Tue 17th Jun Late"]
[Site "chess.com INT"]
[Date "2025.06.17"]
[Round "10"]
[White "Rodrigues, Leonardo De Miranda"]
[Black "Silva Lucena, Cristian"]
[Result "1-0"]
[BlackTitle "FM"]
[WhiteElo "2111"]
[BlackElo "2243"]
[WhiteFideId "2108658"]
[BlackFideId "2232588"]
[EventDate "2025.06.17"]

1. d4 Nf6 2. Nf3 c5 3. d5 b5 4. c4 g6 5. a4 b4 6. Nbd2 Bg7 7. e4 O-O 8. Bd3 d6
9. h3 e6 10. O-O exd5 11. cxd5 Ba6 12. Bxa6 Nxa6 13. Re1 Re8 14. Qc2 Nc7 15. Nc4
Qe7 16. Bf4 Rad8 17. Na5 Qd7 18. Nb7 b3 19. Qd3 Bf8 20. Nxd8 Qxd8 21. Qxb3 Nxe4
22. Re3 Nf6 23. Rae1 Rxe3 24. Bxe3 Ncxd5 25. Bg5 h6 26. Qxd5 hxg5 27. Qxg5 Bg7
28. Rd1 d5 29. Ne5 d4 30. Nd3 c4 31. Ne5 Qd5 32. Nf3 Qe4 33. Rxd4 Qb1+ 34. Kh2
Qxb2 35. Rd8+ Kh7 36. Qh4+ Nh5 37. Ng5+ Kh6 38. Nxf7+ Kh7 39. Qxc4 Qxf2 40. Rd3
Nf4 41. Ng5+ Kh6 42. Rg3 Ne2 43. Qh4# 1-0

[Event "Titled Tue 17th Jun Late"]
[Site "chess.com INT"]
[Date "2025.06.17"]
[Round "10"]
[White "Dauer, Andre Leonardo"]
[Black "Harish, Neeraj"]
[Result "1-0"]
[WhiteTitle "CM"]
[BlackTitle "CM"]
[WhiteElo "2138"]
[BlackElo "2192"]
[WhiteFideId "2126915"]
[BlackFideId "30958130"]
[EventDate "2025.06.17"]

1. e4 c6 2. d4 d5 3. e5 Bf5 4. Nc3 e6 5. g4 Bg6 6. Nge2 Nd7 7. Nf4 c5 8. Be3 Ne7
9. h4 h5 10. Nxg6 Nxg6 11. gxh5 Ne7 12. Be2 Nc6 13. f4 Be7 14. Bf2 cxd4 15. Nb5
a6 16. Nxd4 Nxd4 17. Qxd4 Bc5 18. Qd2 Bxf2+ 19. Kxf2 Qb6+ 20. Kg2 Nc5 21. Qe3
Qc6 22. Bf3 Ne4 23. c3 O-O-O 24. Qd4 Kb8 25. a4 g6 26. hxg6 Rdg8 27. h5 fxg6 28.
h6 g5 29. h7 Rg6 30. Bxe4 dxe4 31. f5 e3+ 32. Kg3 exf5 33. e6 f4+ 34. Kg4 Qxe6+
35. Kf3 g4+ 36. Ke2 f3+ 37. Kd3 Qf5+ 38. Kxe3 Re8+ 39. Kf2 g3+ 40. Kg1 f2+ 41.
Kg2 Qc8 42. h8=Q 1-0

[Event "Titled Tue 17th Jun Late"]
[Site "chess.com INT"]
[Date "2025.06.17"]
[Round "10"]
[White "Liu, Xiangyi"]
[Black "Mizzi, Jack"]
[Result "1-0"]
[WhiteTitle "IM"]
[BlackTitle "CM"]
[WhiteElo "2370"]
[BlackElo "2107"]
[WhiteFideId "8605718"]
[BlackFideId "5602521"]
[EventDate "2025.06.17"]

1. c4 e5 2. g3 f5 3. Bg2 d6 4. Nc3 Nf6 5. d4 Be7 6. e3 O-O 7. Nge2 c6 8. O-O Be6
9. b3 Nbd7 10. Ba3 g5 11. f4 exf4 12. gxf4 g4 13. Ng3 d5 14. c5 Ne4 15. Ncxe4
dxe4 16. Bxe4 fxe4 17. f5 Bd5 18. Qxg4+ Kh8 19. Kh1 Nf6 20. Qf4 Rg8 21. Qe5 Qf8
22. Rf4 Re8 23. Raf1 Qg7 24. Bb4 a5 25. Bxa5 Bxc5 26. Qxe8 Rxe8 27. dxc5 Rg8 28.
Bc3 h6 29. R4f2 Qg5 30. Rg1 Kh7 31. Rgg2 Ng4 32. Re2 Nxe3 33. Bd2 Nxg2 34. Bxg5
e3 35. Rxg2 Bxg2+ 36. Kxg2 hxg5 37. Kf3 Kg7 38. Kxe3 Kf6 39. b4 Re8+ 40. Kd4 g4
41. a4 Kg5 42. b5 cxb5 43. axb5 Rd8+ 44. Ke5 Rd2 45. c6 bxc6 46. Ne4+ Kh4 47.
Nxd2 g3 48. hxg3+ 1-0

[Event "Titled Tue 17th Jun Late"]
[Site "chess.com INT"]
[Date "2025.06.17"]
[Round "10"]
[White "Tang, Austin"]
[Black "Graif, William"]
[Result "0-1"]
[BlackTitle "FM"]
[WhiteElo "1979"]
[BlackElo "2211"]
[WhiteFideId "30964580"]
[BlackFideId "2609835"]
[EventDate "2025.06.17"]

1. e4 e5 2. Nf3 Bc5 3. Bc4 Nf6 4. d3 O-O 5. O-O c6 6. Bg5 h6 7. Bh4 d6 8. h3 Re8
9. Bb3 Nbd7 10. Nbd2 Nf8 11. c3 Ng6 12. Re1 Nxh4 13. Nxh4 Ng4 14. hxg4 Qxh4 15.
d4 Bxg4 16. Nf3 Bxf3 17. Qxf3 exd4 18. cxd4 Bxd4 19. Bxf7+ Kh8 20. Bxe8 Rxe8 21.
Rad1 c5 22. g3 Qe7 23. Rxd4 cxd4 24. Qd3 Qe5 25. f4 Qc5 26. Rd1 Re6 27. Kg2 d5
28. e5 Rb6 29. Rd2 Rb4 30. Qf5 d3 31. Qxd3 d4 32. Qf5 Qd5+ 33. Kh2 Rc4 34. Qf8+
Kh7 35. Qf5+ Kg8 36. Qg6 Rc1 37. Rg2 d3 38. e6 d2 39. e7 Rh1+ 40. Kxh1 d1=Q+ 41.
Kh2 Q1h5+ 42. Qxh5 Qxh5+ 43. Kg1 Kf7 44. Rh2 Qc5+ 45. Rf2 Kxe7 46. Kg2 Kf6 47.
Re2 Qc6+ 48. Kf2 Qc5+ 49. Kf3 Qc4 50. Rd2 Qxa2 0-1

[Event "Titled Tue 17th Jun Late"]
[Site "chess.com INT"]
[Date "2025.06.17"]
[Round "10"]
[White "Fiorito, Joaquin"]
[Black "Sliwicka, Alicja"]
[Result "1-0"]
[WhiteTitle "IM"]
[BlackTitle "WGM"]
[WhiteElo "2419"]
[BlackElo "2299"]
[WhiteFideId "180173"]
[BlackFideId "1150677"]
[EventDate "2025.06.17"]

1. d4 d5 2. Nf3 Nf6 3. c4 e6 4. g3 h6 5. Bg2 Bd6 6. O-O O-O 7. Nc3 Nc6 8. e3
dxc4 9. Qe2 e5 10. dxe5 Nxe5 11. Nxe5 Bxe5 12. Rd1 Qe7 13. Qxc4 Bg4 14. Nd5 Nxd5
15. Qxg4 Nb4 16. a3 Nc6 17. Rb1 Rad8 18. Bd2 Bf6 19. Qc4 Ne5 20. Qc2 c5 21. Bc3
b6 22. h3 h5 23. Be4 h4 24. g4 c4 25. g5 Bxg5 26. f4 Nd3 27. Bxd3 Qxe3+ 28. Qf2
Qxh3 29. fxg5 cxd3 30. Rf1 Rd5 31. Bd2 Rd4 32. Bf4 Rfd8 33. Qg2 Qxg2+ 34. Kxg2
d2 35. Rbd1 f6 36. gxf6 gxf6 37. Rf2 Kf7 38. Rdxd2 Rg8+ 39. Kh2 Rxd2 40. Bxd2
Rg4 41. Bc3 Ke6 42. Rxf6+ Kd5 43. Rf7 a5 44. Rf5+ Kc4 45. Kh3 Re4 46. Rf6 Kc5
47. Rh6 Kb5 48. Rh5+ Ka6 49. Rxh4 Re6 50. Rf4 b5 51. Rf6 Rxf6 52. Bxf6 b4 53.
axb4 axb4 54. Kg3 Kb5 55. Kf3 Kc4 56. Ke3 Kb3 57. Kd2 Ka2 58. Kc2 Ka1 59. b3+
Ka2 60. Be7 Ka3 61. Bd6 Ka2 62. Bxb4 Ka1 63. Bc3+ Ka2 64. Ba5 Ka3 65. Kc3 1-0

[Event "Titled Tue 17th Jun Late"]
[Site "chess.com INT"]
[Date "2025.06.17"]
[Round "10"]
[White "Kramnik, Vladimir"]
[Black "Ahmad, Khagan"]
[Result "1-0"]
[WhiteTitle "GM"]
[BlackTitle "IM"]
[WhiteElo "2753"]
[BlackElo "2394"]
[WhiteFideId "4101588"]
[BlackFideId "13431552"]
[EventDate "2025.06.17"]

1. Nf3 d5 2. g3 Nd7 3. d4 Nb6 4. a4 a5 5. Nc3 Bf5 6. Nh4 Bg4 7. Qd3 e6 8. e4 Nf6
9. f3 Bh5 10. Ng2 Bb4 11. Nf4 Bg6 12. Nxg6 hxg6 13. Bg2 O-O 14. O-O c5 15. dxc5
Bxc5+ 16. Kh1 dxe4 17. Qb5 exf3 18. Bxf3 Nbd7 19. Bf4 Qb6 20. Rad1 e5 21. Bg5
Qxb5 22. Nxb5 e4 23. Be2 Ne5 24. Bxf6 gxf6 25. Rxf6 Rad8 26. Rff1 Kg7 27. Kg2 f5
28. Nc7 Kf7 29. Nd5 Ke6 30. Nf4+ Kf6 31. c3 g5 32. Nd5+ Kg6 33. b4 Bd6 34. bxa5
Nc6 35. a6 bxa6 36. Bxa6 f4 37. gxf4 gxf4 38. Bb7 f3+ 39. Kh1 Rh8 40. Rf2 Ne5
41. Ne3 Rh4 42. a5 Bc7 43. Rxd8 Bxd8 44. Ra2 Nd3 45. a6 Bb6 46. a7 Bxa7 47. Rxa7
Kg5 48. Ra4 Kf4 49. Rxe4+ 1-0

[Event "Titled Tue 17th Jun Late"]
[Site "chess.com INT"]
[Date "2025.06.17"]
[Round "10"]
[White "Kosakowski, Jakub"]
[Black "Salem, A.R. Saleh"]
[Result "0-1"]
[WhiteTitle "GM"]
[BlackTitle "GM"]
[WhiteElo "2548"]
[BlackElo "2627"]
[WhiteFideId "1185080"]
[BlackFideId "9301348"]
[EventDate "2025.06.17"]

1. e4 c5 2. Nf3 d6 3. Bc4 Nf6 4. d3 e6 5. O-O Be7 6. Re1 O-O 7. Nbd2 Nc6 8. a4
a6 9. c3 Bd7 10. Bb3 b5 11. Bc2 b4 12. d4 bxc3 13. bxc3 cxd4 14. cxd4 Nb4 15.
Bb1 Qc7 16. Nf1 Rfc8 17. Ne3 Rab8 18. a5 d5 19. e5 Ne4 20. Bd2 Nc3 21. Bxc3 Qxc3
22. h4 g6 23. Ra4 Bxa4 24. Qxa4 h5 25. Bxg6 fxg6 26. Qd7 Re8 27. Qxe6+ Kg7 28.
Nxd5 Qc4 29. Nf4 Qxe6 30. Nxe6+ Kh7 31. Nf4 Rf8 32. g3 Nd3 33. Re4 Nxf4 34. gxf4
Rb5 35. Nd2 Rc8 36. Nf1 Rxa5 37. Ne3 Ra4 38. f5 gxf5 39. Nxf5 Rc7 40. Re3 Kg6
41. Rf3 Bb4 42. d5 Rf7 43. Nd4 Rxf3 44. Nxf3 Bc5 45. Kf1 Kf5 46. d6 Ke6 47. Ng5+
Kxe5 48. d7 Be7 0-1

[Event "Titled Tue 17th Jun Late"]
[Site "chess.com INT"]
[Date "2025.06.17"]
[Round "10"]
[White "Hungaski, Robert"]
[Black "Fadi, Marko"]
[Result "1-0"]
[WhiteTitle "GM"]
[BlackTitle "FM"]
[WhiteElo "2477"]
[BlackElo "2298"]
[WhiteFideId "2021030"]
[BlackFideId "10605371"]
[EventDate "2025.06.17"]

1. e4 e5 2. Bc4 Nc6 3. d3 Nf6 4. Nc3 Bb4 5. Ne2 O-O 6. O-O h6 7. h3 Na5 8. a3
Bxc3 9. Nxc3 Nxc4 10. dxc4 d6 11. b3 Be6 12. a4 Nd7 13. a5 a6 14. Be3 Qh4 15.
Qf3 Rab8 16. Qg3 Qxg3 17. fxg3 f5 18. exf5 Bxf5 19. Rf2 Bg6 20. Rd2 Rf7 21. b4
Re8 22. b5 Nf6 23. b6 cxb6 24. axb6 Rc8 25. Ra4 Rd7 26. g4 Bf7 27. Nd5 Bxd5 28.
cxd5 Rc3 29. Bf2 Rd8 30. h4 Rdc8 31. g5 hxg5 32. hxg5 Nh7 33. g6 Nf8 34. Rg4
Rxc2 35. Rxc2 Rxc2 36. Bh4 Rd2 37. Rc4 Nxg6 38. Rc8+ Kh7 39. Bg5 Rb2 40. Bd8 Nf4
41. Rb8 1-0

[Event "Titled Tue 17th Jun Late"]
[Site "chess.com INT"]
[Date "2025.06.17"]
[Round "10"]
[White "Sinkar, Anagha Aniket"]
[Black "Aalto, Patrik"]
[Result "1-0"]
[WhiteTitle "WCM"]
[BlackTitle "FM"]
[WhiteElo "1776"]
[BlackElo "2316"]
[WhiteFideId "30974780"]
[BlackFideId "510726"]
[EventDate "2025.06.17"]

1. e4 c5 2. c3 d5 3. exd5 Qxd5 4. d4 Nf6 5. Nf3 e6 6. Na3 a6 7. Nc4 Nbd7 8. Be3
b5 9. Nce5 Bb7 10. Nxd7 Qxd7 11. Be2 cxd4 12. Bxd4 Be7 13. O-O O-O 14. Ne5 Qc7
15. Bf3 Rac8 16. Bxb7 Qxb7 17. Ng4 Rfd8 18. Qe2 Nxg4 19. Qxg4 Bf8 20. Rad1 b4
21. Qg5 Rd5 22. Qg4 e5 23. Be3 Rxd1 24. Rxd1 bxc3 25. bxc3 Rxc3 26. h3 Qc6 27.
Rd8 Qc7 28. Ra8 Qb7 29. Ra7 Qc6 30. Qf5 Qg6 31. Qxe5 Rc8 32. Bf4 Rd8 33. Kh2 h6
34. Qa5 Rd1 35. Qxa6 Qb1 36. Qc4 Rh1+ 37. Kg3 Qg6+ 38. Kf3 Rg1 39. Bg3 Qf5+ 40.
Qf4 Qd5+ 41. Qe4 Qd1+ 42. Qe2 Qd5+ 43. Qe4 Qh5+ 44. Qg4 Qb5 45. Qf4 Qe8 46. Qe5
Qc8 47. Qd5 Qe8 48. Ra8 Qe6 49. Qxe6 fxe6 50. Bd6 Ra1 51. Bxf8 Kh7 52. a4 Kg6
53. a5 Kf5 54. a6 e5 55. a7 e4+ 56. Ke3 Ra6 57. Bc5 Ke5 58. Re8+ Kd5 59. a8=Q+
Rxa8 60. Rxa8 1-0

[Event "Titled Tue 17th Jun Late"]
[Site "chess.com INT"]
[Date "2025.06.17"]
[Round "10"]
[White "Atoyan, Alberto"]
[Black "Todorovic, Bojan"]
[Result "1-0"]
[WhiteTitle "CM"]
[BlackTitle "FM"]
[WhiteElo "2266"]
[BlackElo "2111"]
[WhiteFideId "13314831"]
[BlackFideId "917087"]
[EventDate "2025.06.17"]

1. e4 g6 2. d4 Bg7 3. h4 d5 4. e5 c5 5. c3 Nc6 6. h5 Qb6 7. h6 Bf8 8. Nf3 Bg4 9.
dxc5 Qxc5 10. Be3 Qa5 11. b4 Qc7 12. Qxd5 Rd8 13. Qb3 Bxf3 14. gxf3 Qxe5 15. Be2
Nf6 16. Nd2 Nd5 17. Bc4 e6 18. Ne4 Nxe3 19. fxe3 Be7 20. Ke2 O-O 21. Bd3 f5 22.
f4 Qd5 23. Qxd5 Rxd5 24. Nf2 Rfd8 25. Rhd1 Kf7 26. Bc4 Rxd1 27. Rxd1 Rxd1 28.
Kxd1 Bf8 29. Nd3 Bxh6 30. Nc5 Nd8 31. Ke2 b6 32. Nd7 Ke7 33. Ne5 Bg7 34. Nd3
Bxc3 35. a3 Nf7 36. Bb3 e5 37. fxe5 Nxe5 38. Nf4 Kd6 39. Bg8 g5 40. Nh3 h6 41.
Bh7 Bb2 42. a4 Ba3 43. b5 Ke6 44. Bg8+ Kf6 45. Nf2 Bc5 46. Nd1 Nc4 47. Bxc4 h5
48. Nf2 g4 49. e4 f4 50. Nd3 Bd4 51. Nxf4 Kg5 52. Ne6+ 1-0